[Event "Lucky op 2nd"]
[Site "Hamburg"]
[Date "1999.10.17"]
[Round "3"]
[White "Puttfarken, Jens"]
[Black "Lemkau, Niels"]
[Result "1-0"]
[WhiteElo "1022"]
[BlackElo "1455"]
[PlyCount "101"]
[EventDate "1999.10.??"]
[EventType "swiss"]
[EventRounds "9"]
[EventCountry "GER"]
[SourceTitle "EXT 2001"]
[Source "ChessBase"]
[SourceDate "2000.11.22"]
[SourceVersion "1"]
[SourceVersionDate "2000.11.22"]
[SourceQuality "1"]

1. e4 e5 2. Nf3 Nf6 3. Nc3 Bb4 4. Nd5 Nxd5 5. exd5 e4 6. Nd4 Qe7 7. Nf5 Qe5 8. Qg4 0-0 9. c3 d6 10. Nh6+ Kh8 11. Nxf7+ Kg8 12. Nxe5 Bxg4 13. Nxg4 Bc5 14. b4 Bb6 15. d3 exd3 16. Bxd3 Nd7 17. a4 Rae8+ 18. Ne3 Ne5 19. Be2 c6 20. dxc6 bxc6 21. a5 Bd8 22. 0-0 Re6 23. Ng4 Ng6 24. Be3 h5 25. Nh6+ gxh6 26. Bxh5 Ne5 27. Be2 Kh7 28. Bxa7 Ng6 29. Bd3 Rg8 30. f4 Rf6 31. Bd4 Rff8 32. f5 Ne5 33. Bxe5 dxe5 34. f6+ Kh8 35. f7 Rg4 36. Rf3 Rf4 37. Rxf4 exf4 38. Bc4 Kg7 39. Re1 Bf6 40. Re8 Bxc3 41. a6 Bxb4 42. Kf1 Bc5 43. Ke2 Ba7 44. Kf3 Be3 45. h3 h5 46. g3 fxg3 47. Kxe3 h4 48. Kf3 c5 49. Rxf8 Kxf8 50. a7 Kg7 51. a8Q 1-0